| 000 | 01372nam a22002897a 4500 | ||
|---|---|---|---|
| 001 | EPSA 0312 | ||
| 003 | gtcocun | ||
| 005 | 20250902173225.0 | ||
| 006 | a||||gr|||| 00| 0 | ||
| 007 | ta | ||
| 008 | 250902b2025 gt ||||| m||| 00| 0 eng d | ||
| 040 |
_agtcocun _bSPA _cgtcocun _eRDA |
||
| 041 | _aSPA EPSA 0312 | ||
| 084 | _0EPSA 0312 | ||
| 100 |
_aLuis Daniel Cojoc Sic _eAutor |
||
| 245 |
_aINFORME FINAL DEL EJERCICIO PROFESIONAL SUPERVISADO, REALIZADO EN AGRICOLA IMPERIAL DE TACTIC, ALTA VERAPAZ/ _cLuis Daniel Cojoc Sic _hImpreso |
||
| 264 |
_aCobán, Alta Verapaz: _bUniversidad de San Carlos de Guatemala, Centro Universitario del Norte, Licenciatura en Administración de Empresas _c2025 |
||
| 300 |
_a60 p.: _bIlustraciones, gráficas. _c28 cm; |
||
| 336 |
_2rdacontenido _aTexto _btxt |
||
| 502 | _eEPSA 2025 | ||
| 502 |
_aEjercicio Profesional Supervisado _bLicenciatura en Administración de Empresas, _cUniversidad de San Carlos de Guatemala, Centro Universitario del Norte, Licenciatura en Administración de Empresas _d2025 _oEPSA 0312 |
||
| 650 |
_2LEMB _aTactic, Alta Verapaz _xAdministración _xEstrategias _xHerramientas _xPlaneación |
||
| 700 |
_aLicda. Sayda Lisbeth Lem Hernández _eAsesor |
||
| 856 |
_uSin archivo en línea _zSin archivo en línea. |
||
| 942 |
_2ddc _cTES _iEPSA 0312 _kClasificación _n0 _6EPSA_0312_000000000000000 |
||
| 999 |
_c1593 _d1593 |
||